Datum a čas kvízu
27.5
Celkem bodů
Celkový počet nahraných bodů na tomto kvízu bez doplňovacích otázek.
6.
Pořadí na kvízu
Konečné umístění týmu na tomto kvízu.
Zaznamenané odpovědi
| # | Otázka | Odpověď | Body | Výsledky |
|---|---|---|---|---|
| 1. | Europoslankyně Markéta Gregoro... | prcat | 1 | |
| 2. | Jak se jmenuje muž, který minu... | princ Andrew | 1 | |
| 3. | Literární Cenu Karla Čapka za... | Jaroslav Rudiš | 0 | |
| 4. | Britský supermarket Morrisons... | D | 0 | |
| 5. | Který český fotbalista se v ně... | Patrik Schick | 1 | |
| 6. | V cestovatelském seriálu nás č... | po Anežce | 0 | |
| 7. | Jedním z nejnavštěvovanějších... | ZOO | 1 | |
| 8. | Jak se nazývá pískovcová skaln... | Prachovské skály | 0 | |
| 9. | Které z těchto oblíbených zimn... | D | 1 | |
| 10. | Ve které obci najdeme vyhlášen... | v Dětenicích | 1 |